|
|
|
|
| LEADER |
00000nam0a2200000 4500 |
| 001 |
315310 |
| 005 |
20231102002751.0 |
| 010 |
|
|
|a 9785991668255
|
| 035 |
|
|
|a (RuTPU)RU\TPU\book\340743
|
| 090 |
|
|
|a 315310
|
| 100 |
|
|
|a 20160229d2016 m y0rusy50 ca
|
| 101 |
0 |
|
|a rus
|
| 102 |
|
|
|a RU
|
| 105 |
|
|
|a y j 001zy
|
| 200 |
1 |
|
|a Управление человеческими ресурсами
|e учебник и практикум для прикладного бакалавриата
|f О. М. Исаева, Е. А. Припорова
|g Высшая школа экономики (ВШЭ), Национальный исследовательский университет (НИУ)
|
| 205 |
|
|
|a 2-е изд.
|
| 210 |
|
|
|a Москва
|c Юрайт
|d 2016
|
| 215 |
|
|
|a 244 с.
|
| 225 |
1 |
|
|a Бакалавр. Прикладной курс
|
| 320 |
|
|
|a Библиогр. в конце тем.
|
| 330 |
|
|
|a В учебнике изложены основы управления персоналом. Описаны процессы планирования, поиска и подбора персонала, его адаптации, обучения, мотивации и оценки. Издание содержит задания для самостоятельной работы и подготовки к практическим занятиям.Учебник соответствует актуальным требованиям Федерального государственного образовательного стандарта высшего образования.Для студентов высших учебных заведений, обучающихся по экономическим направлениям и специальностям.
|
| 606 |
1 |
|
|a Кадры
|x Управление
|2 stltpush
|3 (RuTPU)RU\TPU\subj\13468
|9 40073
|
| 610 |
1 |
|
|a экономика
|
| 610 |
1 |
|
|a человеческие ресурсы
|
| 610 |
1 |
|
|a персонал
|
| 610 |
1 |
|
|a предприятия
|
| 610 |
1 |
|
|a планирование
|
| 610 |
1 |
|
|a подбор
|
| 610 |
1 |
|
|a кадровая политика
|
| 610 |
1 |
|
|a адаптация
|
| 610 |
1 |
|
|a обучение
|
| 610 |
1 |
|
|a мотивация
|
| 610 |
1 |
|
|a оценка
|
| 610 |
1 |
|
|a учебники
|
| 686 |
|
|
|a У9(2)240я73
|v LBC/SL-A
|2 rubbk
|
| 700 |
|
1 |
|a Исаева
|b О. М.
|g Оксана Михайловна
|
| 701 |
|
1 |
|a Припорова
|b Е. А.
|g Елена Александровна
|
| 712 |
0 |
2 |
|a Высшая школа экономики (ВШЭ)
|b Национальный исследовательский университет (НИУ)
|c (Москва)
|c (2010- )
|2 stltpush
|3 (RuTPU)RU\TPU\col\17951
|
| 801 |
|
1 |
|a RU
|b 63413507
|c 20160229
|
| 801 |
|
2 |
|a RU
|b 63413507
|c 20160406
|g RCR
|
| 900 |
|
|
|a Управление человеческими ресурсами
|
| 900 |
|
|
|a Управление персоналом
|
| 942 |
|
|
|c BK
|
| 951 |
|
|
|l 8.1
|
| 959 |
|
|
|a 24/20160224
|d 1
|e 449,00
|f ЧЗГЛ:1
|